औद्योगिक धोरण आणि घडण. (Record no. 266826)

MARC details
000 -LEADER
fixed length control field 00782nam a2200181Ia 4500
008 - FIXED-LENGTH DATA ELEMENTS--GENERAL INFORMATION
fixed length control field 090630s9999 xx 000 0 und d
082 ## - DEWEY DECIMAL CLASSIFICATION NUMBER
Item number 14970
100 ## - MAIN ENTRY--PERSONAL NAME
Personal name छापखाने कि. रा.
245 ## - TITLE STATEMENT
Title औद्योगिक धोरण आणि घडण.
Statement of responsibility, etc छापखाने कि. रा.
260 ## - PUBLICATION, DISTRIBUTION, ETC. (IMPRINT)
Name of publisher, distributor, etc महाराष्ट्र विद्यापीठ ग्रंथनिर्मिती मंडळ - नागपूर.
Date of publication, distribution, etc 1980
300 ## - PHYSICAL DESCRIPTION
Extent 656
600 ## - SUBJECT ADDED ENTRY--PERSONAL NAME
Personal name छापखाने कि. रा.
630 ## - SUBJECT ADDED ENTRY--UNIFORM TITLE
Uniform title औद्योगिक धोरण आणि घडण.
655 ## - INDEX TERM--GENRE/FORM
Genre/form data or focus term इतर.
700 ## - ADDED ENTRY--PERSONAL NAME
Personal name छापखाने कि. रा.
730 ## - ADDED ENTRY--UNIFORM TITLE
Uniform title औद्योगिक धोरण आणि घडण.
942 ## - ADDED ENTRY ELEMENTS (KOHA)
Koha item type Book
Holdings
Withdrawn status Lost status Damaged status Not for loan Home library Current library Date acquired Cost, normal purchase price Total Checkouts Full call number Barcode Date last seen Cost, replacement price Price effective from Koha item type
        Sarvajanik Wachanalaya Shrivardhan Sarvajanik Wachanalaya Shrivardhan   80.00   14970 SAWASHRI-14970 06/30/2009 80.00 06/30/2009 Book